Utilización de productos de proteína vegetal texturizada como extendedores de carne en la industria
En la presente tesis se pretende dar a conocer las bondades en cuantas características, funcionalidad y economicidad de los productos de proteína vegetal texturizada al ser utilizados como sustitutos de carne.
| Main Author: | |
|---|---|
| Other Authors: | |
| Format: | Tesis Section = Libro |
| Language: | Undetermined Spanish |
| Published: |
Guatemala
USAC-G
1972
|
| Subjects: |
| LEADER | 00942nam a2200229Ia 4500 | ||
|---|---|---|---|
| 008 | 240830s9999 xx 000 0 und d | ||
| 040 | |a BIBLIOTECA-RUSB/ Mon 664 A811 | ||
| 041 | |a spa | ||
| 082 | |a Mon 664 A811 | ||
| 100 | 1 | |a Ascoli Cáceres, José Eduardo | |
| 245 | 1 | 0 | |a Utilización de productos de proteína vegetal texturizada como extendedores de carne en la industria |
| 260 | |a Guatemala |b USAC-G |c 1972 | ||
| 300 | |a 33 p. :il. | ||
| 502 | |a Tesis (Ingeniero Químico) - USAC-G, 1972. | ||
| 520 | 3 | |a En la presente tesis se pretende dar a conocer las bondades en cuantas características, funcionalidad y economicidad de los productos de proteína vegetal texturizada al ser utilizados como sustitutos de carne. | |
| 650 | 7 | |a TECNOLOGIA DE ALIMENTOS – CARNES | |
| 650 | 7 | |b QUIMICA INDUSTRIAL | |
| 650 | 7 | |c INDUSTRIAS QUIMICAS | |
| 700 | 1 | |a Tutor: |b Aguilar Aguirre, Fernando | |
| 942 | |c BK |2 ddc | ||
| 991 | |a TESIS | ||
| 999 | |c 20696 | ||